00682nam a22001697a 450000500170000000800410001704000250005804100080008304400070009124500810009826001610017930000240034065000310036465000340039565000350042965000480046420150113102751.0150113b ck || |r|||| 00| 0 spa d aCO-BoIAVHcCO-BoIAVH aspa ack aConcurso de Cuento :bSomos Agua, Donde no hay agua no hay nada que contar  aMedellín :bEcopetrol,bMinisterio de Ambiente, Vivienda y Desarrollo Territorial,bAlcaldía de Medellín,bCORANTIOQUIA,c[Sin fecha de publicación] a40 pagbIl.c18 cm. aAgua xCuentos Infantiles  aAgua xEstudio y Enseñanza  aAgua xUtilización del Agua  aEducación Ambiental xCuentos Infantiles